修学旅行で人気な都道府県ランキング - Statistics

General Stats
  • This quiz has been taken 199 times
  • The average score is 8 of 20
Answer Stats
順位 都道府県 (%) % Correct
1 京都 25.2
100%
3 東京 9.9
90%
2 奈良 20.1
89%
4 大阪 7.7
78%
6 沖縄 3.7
64%
5 千葉 6.6
58%
6 広島 3.7
53%
8 長崎 3.0
43%
9 神奈川 2.9
42%
10 福岡 2.1
37%
11 兵庫 1.7
32%
17 北海道 0.7
26%
12 長野 1.6
25%
13 熊本 1.2
11%
14 岩手 1.1
4%
15 岐阜 0.9
4%
16 山梨 0.8
3%
19 青森 0.7
3%
17 滋賀 0.7
2%
20 佐賀 0.6
2%
No matching quizzes found
Score Distribution
Percent of People with Each Score
Percentile by Number Answered
Your Score History
You have not taken this quiz